000 00333nam a2200133Ia 4500
008 240624s9999 xx 000 0 und d
041 _aeng
082 _a530 EIN
100 _aEINSTEIN ALBERT
245 _aRELATIVITY THE SPECIAL AND THE GENERAL T
260 _c2015
_atheory
_bGeneral Press
300 _a200 : p.
365 _cRS
_b25
999 _c24141
_d24141